Kembang melati : (Record no. 4323)

MARC details
000 -LEADER
fixed length control field 00704nam a2200241 i 4500
001 - CONTROL NUMBER
control field C2-0021049
003 - CONTROL NUMBER IDENTIFIER
control field PPAK
005 - DATE AND TIME OF LATEST TRANSACTION
control field 20190630221951.0
008 - FIXED-LENGTH DATA ELEMENTS--GENERAL INFORMATION
fixed length control field 970203s1982 my |||| ||||| | may d
040 ## - CATALOGING SOURCE
Original cataloging agency PPAK
Language of cataloging eng
Transcribing agency PPAK
Description conventions rda
082 04 - DEWEY DECIMAL CLASSIFICATION NUMBER
Classification number 899.231
Edition number 23
090 00 - LOCALLY ASSIGNED LC-TYPE CALL NUMBER (OCLC); LOCAL CALL NUMBER (RLIN)
Classification number (OCLC) (R) ; Classification number, CALL (RLIN) (NR) 899.231
Feature heading KEM
Feature heading G
Classification number (OCLC) (R) ; Classification number, CALL (RLIN) (NR) 899.231
Feature heading KEM
Feature heading KIH
245 00 - TITLE STATEMENT
Title Kembang melati :
Remainder of title kumpulan puisi tujuh penyair wanita
264 #1 - PRODUCTION, PUBLICATION, DISTRIBUTION, MANUFACTURE, AND COPYRIGHT NOTICE
Place of production, publication, distribution, manufacture Kuala Lumpur :
Name of producer, publisher, distributor, manufacturer Dewan Bahasa dan Pustaka ,
Date of production, publication, distribution, manufacture, or copyright notice 1982
300 ## - PHYSICAL DESCRIPTION
Extent xiv, 137 pages ;
Dimensions 21 cm
336 ## - CONTENT TYPE
Source rdacontent
Content type term text
337 ## - MEDIA TYPE
Source rdamedia
Media type term unmediated
338 ## - CARRIER TYPE
Source rdacarrier
Carrier type term volume
650 10 - SUBJECT ADDED ENTRY--TOPICAL TERM
Topical term or geographic name entry element Malay poetry
700 0# - ADDED ENTRY--PERSONAL NAME
Personal name Pyan Husayn ; Suhaimi Haji Muhammad,
Relator term compile
942 ## - ADDED ENTRY ELEMENTS (KOHA)
-- dc
Koha item type Book
Holdings
Withdrawn Not for loan Current library Shelving location Date acquired Full call number Barcode Date last seen Koha item type Total Checkouts
    Perpustakaan Alor Setar Pinjaman Dewasa 03/08/1997 899.231 KEM A00038891 08/05/2018 Book  
  Not For Loan Perpustakaan Alor Setar Koleksi Ismail Hussein 30/12/2008 KIH 899.231 KEM A00177738 08/05/2018 Book  
    Perpustakaan Alor Setar Pinjaman Dewasa 09/07/1997 899.231 KEM A00024303 08/05/2018 Book  
    Perpustakaan Kulim Pinjaman Dewasa 15/12/2003 899.231 KEM A00339790 08/05/2018 Book